[Event "Nakhchivan Open 2016"]
[Site "Nakhchivan AZE"]
[Date "2016.05.11"]
[Round "2.1"]
[White "Bashirli,Nail"]
[Black "Mamedyarov,S"]
[Result "0-1"]
[WhiteElo "2384"]
[BlackElo "2748"]

1.e4 e5 2.Nf3 Nc6 3.Bb5 a6 4.Ba4 Nf6 5.O-O Be7 6.Re1 b5 7.Bb3 d6 8.c3 O-O
9.d4 Bg4 10.Be3 exd4 11.cxd4 Na5 12.Bc2 c5 13.d5 Nc4 14.Bc1 Nd7 15.h3 Bxf3
16.Qxf3 Bf6 17.Nc3 Re8 18.Rb1 Qa5 19.Re2 Re7 20.Nd1 Rae8 21.Qg3 Be5 22.Qd3 f5
23.b3 Na3 24.Bd2 Qb6 25.Rc1 Bd4 26.Bg5 Rxe4 27.Rxe4 Rxe4 28.Ne3 Ne5 29.Qd2 Bxe3
30.fxe3 Nxc2 31.Rxc2 h6 32.Bf4 Nd7 33.Qf2 Nf6 34.Bxh6 gxh6 35.Qxf5 Kg7 36.Rf2 Qd8
37.Rf3 Re5 38.Rg3+ Kh8 39.Qg6 Rg5 40.Qxh6+ Nh7 41.Rxg5 Qxg5 42.Qxd6 Qxe3+
43.Kh1 b4 44.Qd8+ Kg7 45.Qd7+ Kg6 46.d6 Nf6 47.Qc6 a5 48.d7 Qd4 49.d8=Q Qxd8
50.Qxc5 Qd5 51.Qb6 Qe5 52.Qf2 Ne4 53.Qc2 Qd5 54.Kh2 Qd6+ 55.Kg1 Qc5+ 56.Qxc5 Nxc5
57.Kf2 Nxb3  0-1

[Event "Nakhchivan Open 2016"]
[Site "Nakhchivan AZE"]
[Date "2016.05.12"]
[Round "3.1"]
[White "Mamedyarov,S"]
[Black "Mirzoev,A"]
[Result "1/2-1/2"]
[WhiteElo "2748"]
[BlackElo "2510"]

1.c4 c6 2.Nf3 d5 3.e3 Nf6 4.Nc3 e6 5.d4 Nbd7 6.Bd3 b6 7.b3 Bb7 8.Bb2 Be7
9.Qe2 O-O 10.Rd1 Qc7 11.O-O Rad8 12.Rfe1 h6 13.Bb1 Rfe8 14.h3 Qb8 15.Ne5 Nxe5
16.dxe5 Nd7 17.f4 Nf8 18.cxd5 cxd5 19.Nb5 Ba6 20.Rf1 Nd7 21.a4 Nc5 22.Qg4 Ne4
23.f5 Bg5 24.fxe6 fxe6 25.Rf3 Bxb5 26.axb5 Qc8 27.Rc1 Qd7 28.Rc6 Nd2 29.h4  1/2-1/2

[Event "Nakhchivan Open 2016"]
[Site "Nakhchivan AZE"]
[Date "2016.05.13"]
[Round "4.1"]
[White "Kuzubov,Y"]
[Black "Mamedyarov,S"]
[Result "1/2-1/2"]
[WhiteElo "2632"]
[BlackElo "2748"]

1.e4 c6 2.d4 d5 3.Nc3 dxe4 4.Nxe4 Bf5 5.Ng3 Bg6 6.h4 h6 7.Nf3 Nf6 8.Ne5 Bh7
9.Bd3 Nbd7 10.Bxh7 Nxe5 11.dxe5 Qa5+ 12.Kf1 Nxh7 13.Qe2 O-O-O 14.e6 Qd5 15.Be3 Qxe6
16.Bxa7 Qxe2+ 17.Kxe2 Nf6 18.Rhd1 Rxd1 19.Rxd1 e6 20.Bd4 Be7 21.h5 b5  1/2-1/2

[Event "Nakhchivan Open 2016"]
[Site "Nakhchivan AZE"]
[Date "2016.05.14"]
[Round "5.1"]
[White "Mamedyarov,S"]
[Black "Safarli,E"]
[Result "1/2-1/2"]
[WhiteElo "2748"]
[BlackElo "2664"]

1.d4 Nf6 2.c4 g6 3.Nc3 d5 4.cxd5 Nxd5 5.Bd2 Nb6 6.e4 Qxd4 7.Qc2 Nc6 8.Be3 Qd8
9.Rd1 Bd7 10.Nf3 Bg7 11.Be2 O-O 12.h4 Qc8 13.h5 Bg4 14.Ng5 Bxe2 15.Qxe2 h6
16.Nh3 g5 17.f4 Bxc3+ 18.bxc3 f6 19.e5 Qf5 20.O-O g4 21.Nf2 Qxh5 22.Nxg4 Kh8
23.Kf2 f5 24.Nxh6 Qh4+ 25.Kf3 Qh5+  1/2-1/2

[Event "Nakhchivan Open 2016"]
[Site "Nakhchivan AZE"]
[Date "2016.05.15"]
[Round "6.3"]
[White "Khenkin,I"]
[Black "Mamedyarov,S"]
[Result "1/2-1/2"]
[WhiteElo "2575"]
[BlackElo "2748"]

1.d4 d6 2.Nf3 f5 3.Nc3 Nf6 4.Bg5 Nbd7 5.Qd3 g6 6.e4 fxe4 7.Nxe4 Bg7 8.O-O-O c6
9.h4 Qa5 10.a3 Nxe4 11.Qxe4 Nf6 12.Qe3 Nd5 13.Qb3 Qb6 14.Qxb6 axb6 15.Bc4 h6
16.Bxd5 cxd5 17.Be3 Bg4 18.Rd3 Kd7 19.Rb3 Ra6 20.Ne1 Rc8 21.Nd3 Bf5 22.Kd2 h5
23.c3 Bf6 24.g3 Rc4 25.Re1 Be4 26.Bf4 Rc8 27.Re3 Rf8 28.Bh6 Rf7 29.f3 Bf5
30.Rb5 Kc6 31.Rb3 Bxd3 32.Kxd3 b5 33.Rb4 Ra8 34.Re6 Rg8 35.f4 Rh8 36.Bg5 Bxg5
37.hxg5 Rg7 38.Ke2 h4 39.Kf2 Rgh7 40.Rxg6 h3 41.Kg1 h2+ 42.Kh1 Rh3 43.a4 bxa4
44.Rxa4 Rxg3 45.Ra1 Rf3 46.Re6 Rxf4 47.Rxe7 Rf2 48.g6 Rh6 49.Rh7 Rxg6 50.Rxh2 Rgf6
51.Rg2 Rf1+ 52.Rxf1 Rxf1+ 53.Rg1 Rf8 54.Kg2 Kb5 55.Ra1 Kc4 56.Ra4+ Kb5  1/2-1/2

[Event "Nakhchivan Open 2016"]
[Site "Nakhchivan AZE"]
[Date "2016.05.16"]
[Round "7.3"]
[White "Mamedyarov,S"]
[Black "Malakhatko,V"]
[Result "1-0"]
[WhiteElo "2748"]
[BlackElo "2501"]

1.c4 e6 2.Nc3 d5 3.d4 Be7 4.cxd5 exd5 5.Bf4 c6 6.e3 Bd6 7.Bg3 Ne7 8.Bd3 O-O
9.Qc2 h6 10.Nge2 a5 11.a3 Na6 12.O-O Bxg3 13.Nxg3 Qd6 14.f3 Bd7 15.Rad1 Rfc8
16.e4 dxe4 17.Bxa6 Rxa6 18.fxe4 Be6 19.Na4 b6 20.Qe2 Rca8 21.Qf3 Rd8 22.Kh1 Bc4
23.Rf2 Qe6 24.Rdd2 Bb5 25.Nc3 Bc4 26.Nd1 a4 27.Ne3 Bb3 28.Nh5 Ra5 29.Nf4 Qc8
30.h3 Rb5 31.d5 cxd5 32.Nfxd5 Nxd5 33.Qxf7+ Kh8 34.exd5 Rc5 35.Qf3 Qd7 36.d6 Rc6
37.Nf5 Be6 38.Nxh6 gxh6 39.Qf6+ Kh7 40.Rfe2 Re8 41.Re4 Rc5 42.Kh2 Rf5 43.Qc3 Bf7
44.Qc7 Qxc7 45.dxc7 Rc5 46.Rxe8 Bxe8 47.Rd8 Rxc7 48.Rxe8 Rc2 49.Re7+ Kg8
50.Re6 Rxb2 51.Rxh6 Rb3 52.h4 b5 53.Rb6 Kg7 54.g3 Rxa3 55.Rxb5 Rb3 56.Ra5 a3
57.Ra6 Rb2+ 58.Kh3 a2 59.h5 Kh7 60.Kh4 Rc2 61.g4 Kg7 62.h6+ Kh7 63.Kh5 Rh2+
64.Kg5 Rb2 65.Ra7+ Kh8 66.Kh5 Rc2 67.g5 Kg8 68.Ra8+ Kf7 69.g6+ Kf6 70.g7 Rc5+
71.Kh4 Rc4+ 72.Kg3 Rc8 73.Rxa2 Kg6 74.Ra6+ Kf7 75.Rd6 Ra8 76.Kf4 Ra4+ 77.Ke5 Ra5+
78.Rd5 Ra8 79.Kf5 Rb8 80.Kg5 Kg8 81.Rf5  1-0

[Event "Nakhchivan Open 2016"]
[Site "Nakhchivan AZE"]
[Date "2016.05.17"]
[Round "8.3"]
[White "Iskandarov,M"]
[Black "Mamedyarov,S"]
[Result "0-1"]
[WhiteElo "2419"]
[BlackElo "2748"]

1.e4 e5 2.Nf3 Nc6 3.Bb5 a6 4.Ba4 Nf6 5.Nc3 b5 6.Bb3 Be7 7.O-O d6 8.d3 Na5
9.h3 O-O 10.Re1 Re8 11.Bd2 Nxb3 12.axb3 Bb7 13.Ne2 Nd7 14.Ng3 g6 15.c4 Nc5
16.Bc3 Ne6 17.b4 bxc4 18.dxc4 Bf8 19.Qc2 Bg7 20.Rad1 Qe7 21.Nd2 Rad8 22.Ndf1 h5
23.Ne3 Qg5 24.Nd5 c6 25.Ne3 Nd4 26.Bxd4 exd4 27.Nef1 c5 28.Nd2 cxb4 29.Nf3 Qc5
30.Qd3 a5 31.b3 Rd7 32.Nxd4 h4 33.Nf1 Rde7 34.Nb5 d5 35.Qe3 d4 36.Qf4 Bxe4
37.Nd2 Bc2 38.Rxe7 Qxe7 39.Ra1 d3 40.Rxa5 g5 41.Qd6 Qxd6 42.Nxd6 Re1+  0-1

[Event "Nakhchivan Open 2016"]
[Site "Nakhchivan AZE"]
[Date "2016.05.18"]
[Round "9.3"]
[White "Mamedyarov,S"]
[Black "Beradze,I"]
[Result "1-0"]
[WhiteElo "2748"]
[BlackElo "2425"]

1.c4 Nf6 2.Nc3 c5 3.g3 g6 4.Bg2 Bg7 5.d3 Nc6 6.Bd2 O-O 7.Qc1 b6 8.Bh6 Bb7
9.h4 Bxh6 10.Qxh6 Ng4 11.Qd2 e6 12.h5 Qe7 13.Nh3 f5 14.hxg6 hxg6 15.Ng5 Nf6
16.O-O-O Kg7 17.e4 Rh8 18.e5 Ng4 19.f4 a6 20.Bf3 Nh6 21.Rh2 Nf7 22.Nxf7 Kxf7
23.Rdh1 Kg7 24.Qg2 Rag8 25.g4 Rxh2 26.Qxh2 Kf8 27.Rg1 Qf7 28.gxf5 gxf5 29.Qh6+ Ke8
30.Rg5 Rxg5 31.fxg5 Qf8 32.Bh5+ Ke7 33.Nd5+  1-0

[Event "Vugar Gashimov Mem 2016"]
[Site "Shamkir AZE"]
[Date "2016.05.26"]
[Round "1.3"]
[White "Mamedyarov,S"]
[Black "Karjakin,Sergey"]
[Result "1/2-1/2"]
[WhiteElo "2748"]
[BlackElo "2779"]

1.Nf3 Nf6 2.c4 b6 3.d4 e6 4.g3 Ba6 5.b3 Bb4+ 6.Bd2 Be7 7.Nc3 c6 8.e4 d5 9.exd5 cxd5
10.Ne5 Bb7 11.Bg2 Nc6 12.O-O Nxd4 13.Bf4 Nf5 14.cxd5 Nxd5 15.Nxd5 Bxd5 16.Nc6 Qd7
17.Bxd5 exd5 18.Nb8 Qb7 19.Qd3 Nd6 20.Na6 O-O 21.Nb4 d4 22.Qxd4 Nf5 23.Qd5 Qxd5
24.Nxd5 Bc5 25.Rad1 Rfd8 26.Bc7 Re8 27.Bf4 Red8 28.Bc7 Re8 29.Bf4  1/2-1/2

[Event "Vugar Gashimov Mem 2016"]
[Site "Shamkir AZE"]
[Date "2016.05.27"]
[Round "2.5"]
[White "Harikrishna,P"]
[Black "Mamedyarov,S"]
[Result "1-0"]
[WhiteElo "2763"]
[BlackElo "2748"]

1.e4 d6 2.d4 Nf6 3.Nc3 g6 4.Be3 a6 5.a4 Bg7 6.Nf3 O-O 7.Qd2 Nbd7 8.h3 e5
9.dxe5 dxe5 10.Bc4 b6 11.O-O Bb7 12.Rfd1 Qe7 13.Nd5 Nxd5 14.Bxd5 Bxd5 15.Qxd5 Nf6
16.Qc4 Rfe8 17.c3 a5 18.Rd3 Qe6 19.Qxc7 Nxe4 20.Rad1 Bf6 21.Nd2 Nxd2 22.R1xd2 e4
23.Rd6 Be5 24.Rxe6 Bxc7 25.Rc6 Rec8 26.Kf1 Bd8 27.Rcd6 Rab8 28.Rd7 Bf6 29.Bf4 Ra8
30.Rb7 Rc6 31.Rdd7 Rd8 32.Rxd8+ Bxd8 33.Rb8  1-0

[Event "Vugar Gashimov Mem 2016"]
[Site "Shamkir AZE"]
[Date "2016.05.28"]
[Round "3.1"]
[White "Mamedyarov,S"]
[Black "Eljanov,P"]
[Result "1-0"]
[WhiteElo "2748"]
[BlackElo "2765"]

1.d4 Nf6 2.c4 e6 3.Nc3 Bb4 4.Nf3 b6 5.Qb3 c5 6.Bg5 Bb7 7.e3 O-O 8.Be2 cxd4
9.Qxb4 Nc6 10.Qa3 dxc3 11.bxc3 h6 12.Bh4 Rc8 13.Rd1 Qc7 14.Bxf6 gxf6 15.O-O Kg7
16.Nd4 Ne5 17.Nb5 Qc5 18.Qb4 a5 19.Qxc5 Rxc5 20.Nd6 Ba6 21.Rd4 f5 22.Rb1 Rb8
23.f4 Nc6 24.Rd2 Ne7 25.Kf2 Kf8 26.e4 Nc8 27.Nb5 Ke7 28.Rbd1 Rb7 29.exf5 Rxf5
30.g3 Rc5 31.Na3 d6 32.g4 Rd7 33.h4 Rd8 34.Rd4 Na7 35.Rb1 Nc8 36.Nc2 d5 37.cxd5 Bxe2
38.Kxe2 Rdxd5 39.Kd3 h5 40.Ne3 Rd7 41.f5 hxg4 42.h5 Nd6 43.h6 Rc8 44.Re1 Nb7
45.Rxd7+ Kxd7 46.Nxg4 Nc5+ 47.Kd4 Kd6 48.Ne5 f6 49.Ng6 e5+ 50.Ke3 Rc7 51.Rd1+ Kc6
52.Rd8 Nb7 53.Rc8 Rxc8 54.Ne7+ Kc5 55.Nxc8 Nd8 56.h7 Nf7 57.Ne7 Kc4 58.Ng8 Kxc3
59.Nxf6  1-0

[Event "Vugar Gashimov Mem 2016"]
[Site "Shamkir AZE"]
[Date "2016.05.29"]
[Round "4.4"]
[White "Hou Yifan"]
[Black "Mamedyarov,S"]
[Result "1/2-1/2"]
[WhiteElo "2663"]
[BlackElo "2748"]

1.e4 c5 2.Nf3 d6 3.d4 cxd4 4.Nxd4 Nf6 5.Nc3 a6 6.g3 e5 7.Nde2 Be7 8.Bg2 Nbd7
9.a4 b6 10.h3 O-O 11.O-O Bb7 12.g4 b5 13.Ng3 b4 14.Nd5 Nxd5 15.exd5 Rc8 16.a5 Rc5
17.Nf5 Re8 18.Nxe7+ Rxe7 19.Bg5 f6 20.Bd2 Rb5 21.Re1 Qc8 22.c3 bxc3 23.bxc3 Bxd5
24.Bxd5+ Rxd5 25.Qb3 Qc6 26.Be3 Nc5 27.Bxc5 dxc5 28.Qc4 Kf8 29.Qe4 g6 30.Rad1 Rd6
31.Rxd6 Qxd6 32.Rb1 Kg7 33.Rb6 Qd2 34.Rb7 Qd6 35.Rxe7+ Qxe7 36.Qc6 Qa7 37.Qb6 Qa8
38.Qxc5 Qb7 39.c4 Qd7 40.Kg2 Qb7+ 41.Kg1 Qd7 42.Kh2 Qb7 43.Qd6 Qf3 44.Qd7+ Kf8
45.Kg1 Qxh3 46.c5 f5 47.Qd6+ Kf7 48.Qd5+ Kf6 49.c6 Qxg4+ 50.Kf1 Qh3+ 51.Ke2 Qc3
52.Qd8+ Ke6 53.c7 Qc2+ 54.Kf1 Qc4+ 55.Kg2 Qg4+ 56.Kf1  1/2-1/2

[Event "Vugar Gashimov Mem 2016"]
[Site "Shamkir AZE"]
[Date "2016.05.30"]
[Round "5.1"]
[White "Mamedyarov,S"]
[Black "Mamedov,Rau"]
[Result "1/2-1/2"]
[WhiteElo "2748"]
[BlackElo "2655"]

1.d4 d5 2.c4 c6 3.Nc3 Nf6 4.Nf3 e6 5.e3 Nbd7 6.Qc2 Bd6 7.Be2 dxc4 8.Bxc4 O-O
9.O-O b5 10.Bd3 Bb7 11.e4 e5 12.h3 Re8 13.dxe5 Nxe5 14.Nxe5 Bxe5 15.Be3 a6
16.f4 Bxc3 17.bxc3 c5 18.e5 c4 19.Bf5 g6 20.Rad1 Nd5 21.Be4 Nxe3 22.Rxd8 Nxc2
23.Rxa8 Bxa8 24.Bxc2 f6 25.f5 gxf5 26.exf6 Re2 27.Rf2 Re1+ 28.Rf1 Re2 29.Rf2 Re1+
30.Rf1 Re2  1/2-1/2

[Event "Vugar Gashimov Mem 2016"]
[Site "Shamkir AZE"]
[Date "2016.06.01"]
[Round "6.5"]
[White "Radjabov,T"]
[Black "Mamedyarov,S"]
[Result "1/2-1/2"]
[WhiteElo "2726"]
[BlackElo "2748"]

1.e4 c6 2.d4 d5 3.Nc3 dxe4 4.Nxe4 Bf5 5.Ng3 Bg6 6.h4 h6 7.Nf3 Nf6 8.Ne5 Bh7
9.Bd3 Nbd7 10.Bxh7 Nxe5 11.dxe5 Qa5+ 12.Kf1 Nxh7 13.e6 Qd5 14.Qxd5 cxd5 15.Ne2 fxe6
16.Nf4 Rg8 17.Nxe6 Rc8 18.c3 Kf7 19.Nxf8 Rgxf8 20.Be3 Nf6 21.Bxa7 b6 22.Bxb6 Rb8
23.Bd4 Rxb2 24.a4 e5 25.Bxe5 Ng4 26.Bd4 Nxf2 27.Bxf2 Kg8 28.Kg1 Rfxf2 29.Rh2 Ra2
30.Rxa2 Rxa2 31.g3 Ra1+ 32.Kf2 Ra2+ 33.Kg1 Ra1+ 34.Kf2 Ra2+ 35.Kg1 Ra1+ 36.Kf2  1/2-1/2

[Event "Vugar Gashimov Mem 2016"]
[Site "Shamkir AZE"]
[Date "2016.06.03"]
[Round "8.3"]
[White "Caruana,F"]
[Black "Mamedyarov,S"]
[Result "0-1"]
[WhiteElo "2804"]
[BlackElo "2748"]

1.e4 c5 2.Nf3 Nc6 3.d4 cxd4 4.Nxd4 Nf6 5.Nc3 e5 6.Ndb5 d6 7.Bg5 a6 8.Na3 b5
9.Nd5 Be7 10.Bxf6 Bxf6 11.c4 b4 12.Nc2 O-O 13.h4 a5 14.g3 Be6 15.Bh3 Rb8
16.Qd3 Qd7 17.Nxf6+ gxf6 18.Bf5 Qb7 19.Ne3 Nd4 20.O-O b3 21.a3 Kh8 22.Rac1 Rbc8
23.Rfe1 Rc5 24.Qd1 Bxf5 25.Nxf5 Nxf5 26.exf5 Rd8 27.Qh5 Kg7 28.Rc3 h6 29.Ree3 a4
30.Qe2 d5 31.Qf3 Rdc8 32.cxd5 Rxc3 33.Rxc3 Rxc3 34.Qxc3 Qxd5 35.Qb4 h5 36.Qxa4 Qd3
37.g4 Qb1+ 38.Kg2 Qxb2 39.gxh5 Qc2 40.Qg4+ Kh7 41.h6 Kxh6 42.Qg8 Qxf5 43.Qf8+ Kh5
44.f3 Kxh4 45.Qb4+ Qf4 46.Qxb3 Qd2+ 47.Kf1 Kg3 48.f4+ Kxf4 49.a4 f5 50.Qb5 Qd1+
51.Kf2 Qc2+ 52.Kf1 f6 53.Qb4+ e4 54.Qb5 Kg3 55.Qe2 Qxe2+ 56.Kxe2 f4 57.a5 f3+
58.Kf1 e3  0-1

[Event "Gashimov Mem TB 2016"]
[Site "Shamkir AZE"]
[Date "2016.06.04"]
[Round "1"]
[White "Mamedyarov,S"]
[Black "Caruana,F"]
[Result "1/2-1/2"]
[WhiteElo "2746"]
[BlackElo "2804"]

1.d4 Nf6 2.c4 g6 3.Nc3 d5 4.Nf3 Bg7 5.Qa4+ Bd7 6.Qb3 dxc4 7.Qxc4 O-O 8.Bf4 c6
9.e4 b5 10.Qd3 c5 11.e5 Nh5 12.Bg5 cxd4 13.Qxd4 Nc6 14.Qe3 b4 15.Nd5 Be6
16.Nf4 Nxf4 17.Bxf4 Qa5 18.b3 Bd5 19.Be2 Rad8 20.O-O Bxf3 21.Bxf3 Nxe5 22.Bxe5 Bxe5
23.Rad1 Bf6 24.Qe2 e6 25.g3 Bd4 26.Kg2 Rd6 27.Rd2 Rfd8 28.Rfd1 e5 29.Be4 Qb6
30.Qc4 Kg7 31.f4 exf4 32.gxf4 a5 33.h3 R8d7 34.Bf3 Bg1 35.Qc2 Rxd2+ 36.Rxd2 Rc7
37.Qe4 Qe3 38.Qe5+ Qxe5 39.fxe5 Be3 40.Re2 Bg5 41.Bd5 Bf4 42.Kf3 g5 43.h4 h6
44.hxg5 hxg5 45.Kg4 Rc5 46.e6 fxe6 47.Bxe6 Kf6 48.Bc4 Rc6 49.Re4 Rd6 50.Re8 Rd2
51.Re2 Rxe2 52.Bxe2 Ke5 53.Bb5 Kd4 54.Ba4 Kc3  1/2-1/2

[Event "Gashimov Mem TB 2016"]
[Site "Shamkir AZE"]
[Date "2016.06.04"]
[Round "2"]
[White "Caruana,F"]
[Black "Mamedyarov,S"]
[Result "1/2-1/2"]
[WhiteElo "2804"]
[BlackElo "2746"]

1.e4 c5 2.Nf3 Nc6 3.Nc3 g6 4.d4 cxd4 5.Nxd4 Bg7 6.Be3 Nf6 7.Bc4 O-O 8.Bb3 Qa5
9.O-O d6 10.h3 Bd7 11.f4 Rfc8 12.Nf3 Be8 13.Qe1 e6 14.Rd1 Rd8 15.g4 b5 16.f5 b4
17.Ne2 d5 18.fxe6 Nxe4 19.Nf4 Ne7 20.Bd4 Qc7 21.Bxg7 Kxg7 22.Nd4 f6 23.Bxd5 Nxd5
24.Qxe4 Nxf4 25.Rxf4 Qe5 26.Qb7+ Kg8 27.Qf3 Rac8 28.e7 Qxe7 29.Rxf6 Rxd4
30.Rxd4 Qe1+ 31.Qf1 Qe3+ 32.Qf2 Qc1+ 33.Qf1 Qe3+ 34.Qf2 Qc1+ 35.Qf1  1/2-1/2

[Event "Gashimov Mem TB 2016"]
[Site "Shamkir AZE"]
[Date "2016.06.04"]
[Round "3"]
[White "Caruana,F"]
[Black "Mamedyarov,S"]
[Result "0-1"]
[WhiteElo "2804"]
[BlackElo "2746"]

1.e4 c5 2.Nf3 Nc6 3.Nc3 g6 4.d4 cxd4 5.Nxd4 Bg7 6.Be3 Nf6 7.Bc4 O-O 8.Bb3 Qa5
9.O-O d6 10.h3 Bd7 11.f4 Nxd4 12.Bxd4 Bc6 13.Qe2 Nd7 14.Bxg7 Kxg7 15.Rad1 Nc5
16.Kh1 Rac8 17.Qe3 Nxb3 18.axb3 Qc5 19.Qe1 b5 20.Rf2 b4 21.Nd5 e6 22.Nxb4 Bxe4
23.c3 d5 24.Nc2 a5 25.Nd4 Qe7 26.Ra1 Ra8 27.Qe3 f6 28.c4 e5 29.Nb5 exf4 30.Qxf4 dxc4
31.bxc4 f5 32.Rd1 Rad8 33.Rfd2 Rxd2 34.Rxd2 g5 35.Qf2 g4 36.Qg3 Kh8 37.Nd6 gxh3
38.Qxh3 Qg5 39.Rf2 Rf6 40.c5 Qc1+ 41.Kh2 Kg8 42.Qg3+ Rg6 43.Qf4 Rh6+ 44.Kg3 Rg6+
45.Kh2 Qxf4+ 46.Rxf4 Rxg2+ 47.Kh3 Rxb2 48.Nxe4 fxe4 49.Rxe4 Rc2 50.Re5 a4
51.Re4 a3 52.Ra4 Rc3+ 53.Kg4 Kf7 54.Kf4 h5 55.Ra7+ Ke6 56.Ke4 h4 57.Kd4 Rg3
58.Ra6+ Ke7 59.Ke5 h3 60.c6 h2 61.Ra7+ Kd8 62.c7+ Kc8  0-1

[Event "Gashimov Mem TB 2016"]
[Site "Shamkir AZE"]
[Date "2016.06.04"]
[Round "4"]
[White "Mamedyarov,S"]
[Black "Caruana,F"]
[Result "1/2-1/2"]
[WhiteElo "2746"]
[BlackElo "2804"]

1.d4 d6 2.Nf3 Nf6 3.g3 g6 4.Bg2 Bg7 5.O-O O-O 6.c4 Bf5 7.Nc3 Ne4 8.Bd2 Nc6
9.Nxe4 Bxe4 10.Bc3 d5 11.Qb3 dxc4 12.Qxc4 Qd7 13.Rfd1 Rfd8 14.d5 Bxd5 15.Qh4 Qf5
16.Rxd5 Rxd5 17.e4 g5 18.Nxg5 Qxg5 19.exd5 Qxh4 20.gxh4 Nd4 21.Bxd4 Bxd4
22.Rc1 Bb6 23.Be4 Kg7 24.Rc3 h6 25.Rf3 a5 26.a4 Bd4 27.b3 Ra6 28.Kg2 Rb6
29.Bc2 Be5 30.Re3 Bd6 31.Re4 Kf6 32.h3 Be5 33.Re3 Rd6 34.Be4 Bf4 35.Re2 Rb6
36.Bc2 Rd6 37.Be4 Rd8 38.Kf3 Bd6 39.Bd3 Rg8 40.Re1 Bb4 41.Rc1 Bd6 42.Re1 Be5
43.Rc1 Rd8 44.Be4 Bd6 45.Rg1 Ke5 46.Rd1 Bc5 47.Rc1 Bb6 48.Re1 Rd6 49.Kg2 Rf6
50.Bf3+ Kd6 51.Re4 Rf5 52.Rg4 Ba7 53.Rc4 Rf6 54.Rg4 Bc5 55.Rg8 Bd4 56.Rd8+ Kc5
57.Rd7 Kb4 58.Rxc7 Kxb3 59.Rxb7+ Kxa4 60.Rxe7 Kb4 61.Rb7+ Kc3 62.Rc7+ Kd3
63.Rc6 Rf4 64.d6 Bf6 65.d7 Bxh4 66.Rxh6 Be7 67.Rd6+ Rd4 68.Rxd4+ Kxd4 69.Bh5 f5  1/2-1/2

[Event "Vugar Gashimov Mem 2016"]
[Site "Shamkir AZE"]
[Date "2016.06.04"]
[Round "9.3"]
[White "Mamedyarov,S"]
[Black "Giri,A"]
[Result "1-0"]
[WhiteElo "2748"]
[BlackElo "2790"]

1.d4 Nf6 2.Nf3 g6 3.g3 Bg7 4.Bg2 d5 5.O-O O-O 6.c3 Nbd7 7.Bf4 b6 8.a4 c5
9.Nbd2 Bb7 10.a5 bxa5 11.Nb3 Qb6 12.dxc5 Nxc5 13.Be3 Qxb3 14.Bxc5 Qxd1 15.Rfxd1 Rfe8
16.Rxa5 a6 17.Ne5 Rad8 18.Bb6 Rb8 19.Ba7 Rbd8 20.Bb6 Rb8 21.Bd4 e6 22.e3 Red8
23.Bb6 Rdc8 24.Ba7 Ra8 25.Bd4 Rc7 26.Rda1 Nd7 27.Nxd7 Rxd7 28.Bf1 e5 29.Bc5 d4
30.cxd4 exd4 31.Bxa6 Rxa6 32.Rxa6 Bxa6 33.Rxa6 f5 34.exd4 Bxd4 35.b4 Bxc5
36.bxc5 Rd1+ 37.Kg2 Rc1 38.Rc6 Kf7 39.Kf3 g5 40.Ke3 Rc3+ 41.Kd4 Rf3 42.Ke5 Rxf2
43.Rf6+ Ke8 44.Rxf5 Rxh2 45.Kd6 Rd2+ 46.Kc7 Rd7+ 47.Kb6 g4 48.Re5+ Kd8 49.Rg5 Rd3
50.Rg8+ Ke7 51.Rxg4 Rb3+ 52.Kc7 Kf6 53.c6  1-0

[Event "Eurasian Blitz Chess Cup"]
[Site "Almaty KAZ"]
[Date "2016.06.18"]
[Round "1.15"]
[White "Mamedyarov,S"]
[Black "Annageldyev,O"]
[Result "1-0"]
[WhiteElo "2746"]
[BlackElo "2385"]

1.d4 Nf6 2.Nf3 e6 3.g3 c5 4.Bg2 cxd4 5.O-O Be7 6.Nxd4 O-O 7.c4 a6 8.Nc3 Qc7
9.Qd3 Nc6 10.b3 Nxd4 11.Qxd4 d6 12.Rd1 Rd8 13.Be3 Bd7 14.Qb6 Qxb6 15.Bxb6 Rf8
16.Bd4 Bc6 17.Rac1 Bxg2 18.Kxg2 Rac8 19.Bxf6 gxf6 20.Rd3 f5 21.Rcd1 Rc6 22.h3 Rfc8
23.a4 Rb6 24.Nb1 Kf8 25.g4 Rc5 26.Nd2 fxg4 27.hxg4 h5 28.gxh5 Rxh5 29.Ne4 d5
30.Nd2 Re5 31.e3 Bb4 32.Nf3 Rf5 33.cxd5 Rxd5 34.Rxd5 exd5 35.Rxd5 Ke7 36.Nd4 Bc3  1-0

[Event "Eurasian Blitz Chess Cup"]
[Site "Almaty KAZ"]
[Date "2016.06.18"]
[Round "3.12"]
[White "Potkin,V"]
[Black "Mamedyarov,S"]
[Result "0-1"]
[WhiteElo "2597"]
[BlackElo "2746"]

1.e4 d6 2.d4 Nf6 3.Nc3 g6 4.Nf3 Bg7 5.Be2 O-O 6.O-O Nc6 7.d5 Nb8 8.Re1 c6
9.Bf1 a6 10.a4 b6 11.Bg5 Bb7 12.Qd2 Nbd7 13.Bh6 Qc7 14.Bxg7 Kxg7 15.Rad1 Rfc8
16.Qf4 b5 17.dxc6 Bxc6 18.axb5 axb5 19.Nxb5 Qb7 20.c4 Ra2 21.e5 dxe5 22.Nxe5 Qb8
23.Qd4 Nxe5 24.Rxe5 Rd8 25.Qxd8 Qxe5 26.Qd4 Qh5 27.Re1 e6 28.h3 Qg5 29.Re3 Ra1
30.Rg3 Qc1 31.Qd3 Ne4 32.Re3 Nd2 33.Nd4 Nxf1 34.Re2 Nd2+ 35.Kh2 Nf1+ 36.Kg1 Ng3+
37.Kh2 Nxe2 38.Nxe2 Qxb2  0-1

[Event "Eurasian Blitz Chess Cup"]
[Site "Almaty KAZ"]
[Date "2016.06.18"]
[Round "6.4"]
[White "Sjugirov,S"]
[Black "Mamedyarov,S"]
[Result "0-1"]
[WhiteElo "2665"]
[BlackElo "2746"]

1.d4 d6 2.Nf3 f5 3.c4 Nf6 4.e3 g6 5.b4 Bg7 6.Bb2 O-O 7.Nbd2 c5 8.b5 cxd4
9.Nxd4 e5 10.N4b3 Be6 11.c5 e4 12.cxd6 Qxd6 13.Nd4 Bd5 14.Nc4 Qb4+ 15.Qd2 Qxd2+
16.Nxd2 Rc8 17.Be2 Nbd7 18.O-O Nc5 19.a4 Nfd7 20.Nc4 Nd3 21.Bxd3 exd3 22.Nd2 a6
23.Rfd1 Nc5 24.f3 axb5 25.axb5 Na4 26.Rdb1 f4 27.Kf2 Nxb2 28.Rxa8 Rxa8 29.Rxb2 Re8
30.Ne4 Bxe4 31.fxe4 Rxe4  0-1

[Event "Eurasian Blitz Chess Cup"]
[Site "Almaty KAZ"]
[Date "2016.06.18"]
[Round "9.1"]
[White "Mamedyarov,S"]
[Black "Kasimdzhanov,R"]
[Result "1/2-1/2"]
[WhiteElo "2746"]
[BlackElo "2703"]

1.d4 d5 2.Nf3 Nf6 3.Bf4 c6 4.e3 Bg4 5.c4 Bxf3 6.Qxf3 e6 7.Nc3 Nbd7 8.Bd3 Be7
9.O-O O-O 10.Qh3 g6 11.Rac1 a6 12.Rfd1 Re8 13.Qf3 Nh5 14.cxd5 exd5 15.Bg3 Nxg3
16.hxg3 Nf6 17.Re1 Bd6 18.a3 Kg7 19.Bb1 Qd7 20.Re2 Re7 21.e4 dxe4 22.Nxe4 Nxe4
23.Rxe4 Rxe4 24.Bxe4 Re8 25.d5 c5 26.Qc3+ Kg8 27.Re1 Re7 28.Kf1 Qb5+ 29.Bd3 Rxe1+
30.Kxe1 Qe8+ 31.Kf1 Qe7 32.a4 Be5 33.Qc2  1/2-1/2

[Event "Eurasian Blitz Chess Cup"]
[Site "Almaty KAZ"]
[Date "2016.06.18"]
[Round "10.1"]
[White "Kasimdzhanov,R"]
[Black "Mamedyarov,S"]
[Result "0-1"]
[WhiteElo "2703"]
[BlackElo "2746"]

1.e4 e5 2.Nf3 Nc6 3.Bb5 a6 4.Ba4 d6 5.c3 Bd7 6.d4 g6 7.O-O Bg7 8.Be3 Nf6
9.Nbd2 Ng4 10.Bg5 f6 11.Bh4 Qe7 12.Re1 h5 13.h3 Nh6 14.Bg3 g5 15.Nf1 O-O-O
16.Ne3 Qf7 17.d5 Ne7 18.c4 g4 19.Bxd7+ Rxd7 20.hxg4 hxg4 21.Nh4 Qh5 22.Kf1 f5
23.Nhxf5 Nexf5 24.exf5 Nxf5 25.Nxf5 Qxf5 26.Qb1 e4 27.Ke2 Be5 28.Bxe5 Qxe5
29.Qc2 g3 30.fxg3 Rg7 31.Kd1 Rxg3 32.Qxe4 Qxe4 33.Rxe4 Rxg2 34.Rc1 Rxb2 35.a4 Rh1+
36.Re1 Rxe1+ 37.Kxe1 Ra2  0-1

[Event "Eurasian Blitz Chess Cup"]
[Site "Almaty KAZ"]
[Date "2016.06.18"]
[Round "11.1"]
[White "Mamedov,Rau"]
[Black "Mamedyarov,S"]
[Result "1/2-1/2"]
[WhiteElo "2655"]
[BlackElo "2746"]

1.e4 Nf6 2.Nc3 e5 3.Nf3 Nc6 4.d4 Bb4 5.dxe5 Nxe4 6.Qd3 d5 7.exd6 Bf5 8.Bd2 Nxd2
9.Qxf5 Nxf3+ 10.Qxf3 Qxd6 11.Bb5 Qe5+ 12.Qe3 Qxe3+ 13.fxe3 Bxc3+ 14.bxc3 Ke7
15.Bxc6 bxc6 16.Ke2 Rab8 17.Rab1  1/2-1/2

[Event "Eurasian Blitz Chess Cup"]
[Site "Almaty KAZ"]
[Date "2016.06.18"]
[Round "13.1"]
[White "Mamedyarov,S"]
[Black "Svidler,P"]
[Result "1/2-1/2"]
[WhiteElo "2746"]
[BlackElo "2759"]

1.d4 Nf6 2.Nf3 g6 3.g3 Bg7 4.Bg2 d5 5.O-O O-O 6.c3 Nbd7 7.Bf4 b6 8.a4 a6
9.c4 Bb7 10.Ne5 e6 11.Nc3 Qc8 12.Nxd7 Qxd7 13.Be5 Bc6 14.c5 a5 15.cxb6 cxb6
16.Qb3 Qb7 17.Rfc1 Rfc8 18.Rc2 Nd7 19.Bxg7 Kxg7 20.Rac1 Nf6 21.e3 Bd7 22.Nb5 Rxc2
23.Rxc2 Ne8 24.Bf1 Rc8  1/2-1/2

[Event "Eurasian Blitz Chess Cup"]
[Site "Almaty KAZ"]
[Date "2016.06.18"]
[Round "14.1"]
[White "Svidler,P"]
[Black "Mamedyarov,S"]
[Result "0-1"]
[WhiteElo "2759"]
[BlackElo "2746"]

1.c4 e5 2.g3 Nf6 3.Bg2 Nc6 4.Nc3 g6 5.Nf3 Bg7 6.O-O O-O 7.d3 d6 8.Rb1 a5
9.a3 Re8 10.b4 axb4 11.axb4 e4 12.Nxe4 Nxe4 13.dxe4 Rxe4 14.Nd2 Re8 15.Bb2 Bxb2
16.Rxb2 Qf6 17.Rb1 Bf5 18.e4 Be6 19.Qc2 Ra3 20.Rfe1 Rea8 21.c5 Nd4 22.Qd1 Ra2
23.cxd6 cxd6 24.Nf3 Nc2 25.Re2 Qc3 26.Rc1 Bb3 27.e5 Ra1 28.exd6 Rxc1 29.Qxc1 Ra1
30.Re1 Nxe1  0-1

[Event "Eurasian Blitz Chess Cup"]
[Site "Almaty KAZ"]
[Date "2016.06.19"]
[Round "15.1"]
[White "Karjakin,Sergey"]
[Black "Mamedyarov,S"]
[Result "1-0"]
[WhiteElo "2774"]
[BlackElo "2746"]

1.Nf3 Nf6 2.c4 e6 3.Nc3 d5 4.d4 Bb4 5.Bg5 Nbd7 6.cxd5 exd5 7.e3 h6 8.Bh4 O-O
9.Bd3 c6 10.Qc2 Re8 11.O-O Be7 12.Nd2 Nh5 13.Bxe7 Qxe7 14.Rab1 a5 15.a3 Nhf6
16.b4 axb4 17.axb4 b5 18.e4 dxe4 19.Ncxe4 Nxe4 20.Bxe4 Bb7 21.Rfe1 Qd6 22.Nb3 Nf6
23.Nc5 Qxd4 24.Red1 Qe5 25.Bf3 Rab8 26.Qd2 Re7 27.Re1 Qc7 28.Rxe7 Qxe7 29.Re1 Qc7
30.h3 Rd8 31.Qe3 Bc8 32.Qc3 Nd5 33.Bxd5 cxd5 34.Qd4 Qd6 35.Re5 Qf6 36.Nd3 Qc6
37.Nc5 Qf6 38.Nd3 Qc6 39.Nc5 Qf6 40.Nd3 Be6 41.Nf4 Rc8 42.Nh5 Qg6 43.Nf4 Qf6
44.Nh5 Qg6 45.Nf4 Qb1+ 46.Kh2 Rc4 47.Qe3 d4 48.Qf3 Rc1 49.Nxe6 Rh1+ 50.Kg3 Qg6+
51.Ng5 hxg5 52.Qd5 Qf6 53.Rxg5 g6 54.Re5 Rd1 55.Re4 Rd3+ 56.f3 Rd2 57.Qxb5 d3
58.Qd5 Rd1 59.Rf4 Qe7 60.Rg4 Qf6 61.Rd4 Qe7 62.b5 Qc7+ 63.Kg4 Qc8+ 64.Kg5 Kg7
65.Qe5+ Kg8 66.Qf6 Qc5+ 67.Kg4 Qc8+ 68.Kg3 Qc7+ 69.Kh4 Kh7 70.b6 g5+ 71.Kxg5 Qc5+
72.Qf5+ Qxf5+ 73.Kxf5 Rb1 74.Rxd3  1-0